Rational Analysis for a Problematic World Revisited / Problem Structuring Methods for Complexity, Uncertainty and Conflict (Record no. 3342)
[ view plain ]
| 000 -LEADER | |
|---|---|
| fixed length control field | 01407cam a22002174a 4500 |
| 005 - ΗΜΕΡΟΜΗΝΙΑ ΚΑΙ ΩΡΑ ΤΕΛΕΥΤΑΙΑΣ ΕΝΗΜΕΡΩΣΗΣ | |
| Πεδίο ελέγχου | 20250605164112.0 |
| 008 - FIXED-LENGTH DATA ELEMENTS--GENERAL INFORMATION | |
| Πεδίο ελέγχου σταθερού μήκους | 250528s ||||||||||||||||||||||||d |
| 035 ## - SYSTEM CONTROL NUMBER | |
| System control number | 17948 |
| 020 ## - ISBN | |
| ISBN | 471495239 |
| 040 ## - ΠΗΓΗ ΚΑΤΑΛΟΓΟΓΡΑΦΗΣΗΣ | |
| Φορέας πρωτότυπης καταλογογράφησης | MC Athens Campus Library |
| Γλώσσα καταλογογράφησης | Ελληνικά, Μοντέρνα (1453-) |
| Modifying agency | MC Athens Campus Library |
| Κανόνες περιγραφικής καταλογογράφησης | AACR2 |
| 245 1# - ΤΙΤΛΟΣ ΚΑΙ ΔΗΛΩΣΗ ΥΠΕΥΘΥΝΟΤΗΤΑΣ | |
| Τίτλος | Rational Analysis for a Problematic World Revisited / Problem Structuring Methods for Complexity, Uncertainty and Conflict |
| 250 ## - EDITION STATEMENT | |
| Edition statement | 2nd |
| 260 ## - PUBLICATION, DISTRIBUTION, ETC. | |
| Name of publisher, distributor, etc. | John Wiley & Sons, Ltd, |
| Date of publication, distribution, etc. | 2001 |
| 300 ## - PHYSICAL DESCRIPTION | |
| Extent | 366 |
| 520 ## - SUMMARY, ETC. | |
| Summary, etc. | This book shows you how to facilitate an enriched and fluid decision-making process. Preface, Acknowledgements, A New Paradigm of Analysis, SODA - The Principles, SODA - Journey Making and Mapping in Practice, Soft Systems Methodology, Soft Systems Methodology in Action: Participative Creation of an Information Strategy for an Acute Hospital, The Strategy Choice Approach, Gambling with Frozen Fire?, Robustness Analysis: Keeping Your Options Open, Robustness to the First Degree, Drama Theory and Confrontation Analysis, The M&A Play: Using Drama Theory for Mergers and Acquisitions, An Overview of Related Methods: VSM and System Dynamics and Decision Analysis, Multimethodology - Mixing and Matching Methods, Mixing Methods in Practice, Diverse Unity: Looking Inward and Outward, Index. |
| 700 1# - ΠΡΟΣΘΕΤΗ ΑΝΑΓΡΑΦΗ--ΦΥΣΙΚΟ ΠΡΟΣΩΠΟ | |
| Personal name | Mingers John |
| 9 (RLIN) | 4241 |
| 700 1# - ΠΡΟΣΘΕΤΗ ΑΝΑΓΡΑΦΗ--ΦΥΣΙΚΟ ΠΡΟΣΩΠΟ | |
| Personal name | Rosenhead Jonathan |
| 9 (RLIN) | 4242 |
| 942 ## - ADDED ENTRY ELEMENTS (KOHA) | |
| Koha item type | Books |
| Τύπος τεκμηρίου | Βιβλιοθήκη | Τρέχουσα τοποθεσία | Barcode | Αριθμός εισαγωγής | Ημερομηνία απόκτησης | Ταξιθετικό σύμβολο | Αριθμός αντιτύπου | Κατάσταση απόσυρσης | Κατάσταση χαμένου | Κατάσταση κατεστραμμένου | Μη δανεισμός | Σύνολο δανεισμών | Ημερομηνία τελευταίας εμφάνισης | Η τιμή ισχύει από |
|---|---|---|---|---|---|---|---|---|---|---|---|---|---|---|
| Books | MC Athens Campus Library | MC Athens Campus Library | 9780000033413 | 1720 | 05/06/2025 | 658.403 ROS | 1 | 05/06/2025 | 05/06/2025 |